| 000 | 00379nam a2200109Ia 4500 | ||
|---|---|---|---|
| 008 | 180412s9999||||xx |||||||||||||| ||und|| | ||
| 020 | _a801835887 | ||
| 040 | _aAhmadu Bello University Library - Zaria | ||
| 100 | _aCHESTER, Andrew | ||
| 245 | 0 |
_aVehicle Operating costs: Evidence from Developing Countries. _cAndrew Chesher and Robert Harrison |
|
| 260 |
_bJohn Hopkins universityPress _c1987 |
||
| 300 | _a377p. | ||
| 999 |
_c4473 _d4473 |
||